00320nam a2200097Ia 4500008004100000100001800041245004900059245002600108260000900134856007900143160531s9999 xx 000 0 und d aMaddock, Jay. aPublic Health - Social and Behavioral Health cEdited by Jay Maddock c2012 uhttp://www.intechopen.com/books/public-health-social-and-behavioral-health